LEADER 01391nam a2200277 i 4500 001 000000148562 003 CaOOAMICUS 005 20060309000000.0 008 060309s2005 it u000 u ita u 013 $a125878 020 $a88-8333-152-4 040 $aSeMil$bita 100 1 $aSanguineti, Corrado .$0(OLS)http://semarc/name/58760 245 13$aLa funzione retorica e teologica di Romani 9 nel contesto della sezione Rm 9-11 /$cCorrado Sanguineti. 260 $aRomae :$b[s.n.],$c2005. 300 $a390 p. ;$c24 cm. 490 0 $aDissertationes. Series theologica : Collana di tesi dottorali della Pontificia Universitā della Santa Croce ;$v17. 500 $aContiene : Bibliografia. - A pič del front. : Thesis ad Doctoratum in Theologia totaliter edita. 650 4$aBibbia - NT - Lettere ai Romani 9.$0(OLS)http://semarc/subject/28989 830 0$aDissertationes. Series theologica ;$v17.$0(OLS)http://semarc/title/432389 850 $aSeMil 852 $aSeMil$W1$xVenegono$y1$m2W IV 85$j100929$B100929$CSeMilBibl$Z2$F109710 $81 961 $aOmaggio per recensione: Scuola Cattolica 996 $6020$a88-8333-152-4$9(OLS)http://semarc/number/137466 996 $6245$aLa funzione retorica e teologica di Romani 9 nel contesto della sezione Rm 9-11$9(OLS)http://semarc/title/217134 996 $6260$aRomae :$b[s.n.]$9(OLS)http://semarc/publisher/29812 LEADER 00900nam a2200217 i 4500 001 000000167656 003 CaOOAMICUS 005 20071206000000.0 008 071206s1949 it u000 u mul u 013 $a145055 040 $aSeMil$bita 245 10$a4. 300 $a343 p. 490 0 $aPubblicazioni dell'Universitā Cattolica del S. Cuore. N.s ;$v28. 600 14$aFerrini, Contardo .$0(OLS)http://semarc/subject/1935 773 0 $tScritti in onore di Contardo Ferrini pubblicati in occasione della sua beatificazione.$dMilano : Vita e Pensiero, 1947-1949.$w()18809 830 0$aPubblicazioni dell'Universitā cattolica del Sacro Cuore. Nuova serie ;$v28.$0(OLS)http://semarc/title/41025 850 $aSeMil 852 $aSeMil$W1$xVenegono$y1$m3H IV 328$j118807$B118807$CSeMilBibl$Z2$F130548 $81 961 $aRecupero: Altro 996 $6245$a4$9(OLS)http://semarc/title/47131